01232nab a22002417a 4500999001500000003000400015005001700019008004100036040000700077100003200084245016200116260007300278300001300351500004500364505022800409505008900637650003200726650002300758650002100781650002400802773015100826942001300977 c5509d5509OSt20251210133327.0190604e xxu||||| |||| 00| 0 spa d cPJ 96115aPravato, Luis Emilio 10aJurisprudencia de la Corte Suprema de Justicia de la Nación y tribunales inferiores sobre la ley 346 de nacionalidad y ciudadanía /cLuis Emilio Pravato. aCiudad Autónoma de Buenos Aires :bThomson Reuters La Ley, c2025. ap. 13-28 aCita Online: TR LALEY AR/DOC/1991/2025.  aSumario: I. Introducción.— II. Renuncia de la nacionalidad.— III. Competencia de la justicia federal.— IV. Doble nacionalidad.— V. Nacionalidad de la mujer casada.— VI. Destruyendo mitos. A modo de conclusión. t¿Te interesa el texto completo? Solicitalo al correo: koha@justierradelfuego.gov.ar 09178aDERECHO CONSTITUCIONAL 096467aNACIONALIDAD 096468aCIUDADANIA 09221aJURISPRUDENCIA0 0271493171dCiudad Autónoma de Buenos Aires : Thomson Reuters La Ley, 2014-tRevista anales de legislación argentina. Nº 11 - Noviembre 2025. 2udccANA